WrestleMania 42 Sunday match card - Statistics

General Stats
  • This quiz has been taken 43 times
  • The average score is 16 of 16
Answer Stats
Match Type Competitor % Correct
World Heavyweight Championship CM Punk
100%
WWE Women’s championship Jade Cargill
100%
Je’Von Evans
100%
Intercontinental Championship Ladder Match Penta
100%
Rey Mysterio
100%
Rhea Ripley
100%
Roman Reigns
100%
United States Championship Sami Zayn
100%
Trick Williams
100%
Normal Match Brock Lesnar
97%
”Demon” Finn Bálor
97%
Street Fight Dominik Mysterio
97%
Dragon Lee
97%
Oba Femi
97%
Rusev
97%
JD McDonagh
94%
No matching quizzes found
Score Distribution
Percent of People with Each Score
Percentile by Number Answered
Your Score History
You have not taken this quiz